th-ms-impact of lettuce transmitted silver nanotoxicity on mice (Record no. 480261)
[ view plain ]
| 000 -LEADER | |
|---|---|
| fixed length control field | 00338nam a22001217a 4500 |
| 003 - CONTROL NUMBER IDENTIFIER | |
| control field | NUST |
| 008 - FIXED-LENGTH DATA ELEMENTS--GENERAL INFORMATION | |
| fixed length control field | 161110t xxu||||| |||| 00| 0 eng d |
| 038 ## - RECORD CONTENT LICENSOR | |
| Staff Name | Mian Adnan |
| 082 ## - DEWEY DECIMAL CLASSIFICATION NUMBER | |
| Classification number | 020 |
| 245 ## - TITLE STATEMENT | |
| Title | th-ms-impact of lettuce transmitted silver nanotoxicity on mice |
| Statement of responsibility, etc. | mohsin ali-sup-dr. Nasar-um-minullah |
| 250 ## - EDITION STATEMENT | |
| Edition statement | 2016 |
| 942 ## - ADDED ENTRY ELEMENTS (KOHA) | |
| Source of classification or shelving scheme | |
| Koha item type | Thesis |
| Withdrawn status | Lost status | Source of classification or shelving scheme | Damaged status | Not for loan | Permanent Location | Current Location | Date acquired | Total Checkouts | Full call number | Barcode | Date last seen | Date last checked out | Price effective from | Koha item type | Shelving location |
|---|---|---|---|---|---|---|---|---|---|---|---|---|---|---|---|
| Atta-ur-Rahman School of Applied Biosciences (ASAB) | Atta-ur-Rahman School of Applied Biosciences (ASAB) | 11/10/2016 | 1 | thesis mohsin ali | ASABMS-11-16 | 11/16/2016 | 11/16/2016 | 11/10/2016 | Thesis | ||||||
| Central Library (CL) | Central Library (CL) | 02/04/2020 | 660.01 | Cl-T-4915 | 02/04/2020 | 02/04/2020 | Thesis | Thesis |
